Statistiche per Animali con la "D"

Clicka qui per fare il quiz!

Statistiche generali

  • Questo quiz è stato fatto 86 volte
  • Il punteggio medio è 7 su 15

Statistiche sulle risposte

suggerimentorisposta% Corretto
Molto simile al cammello, ma con una gobbaDromedario
100%
è una mammifero acquatico considerato molto intelligenteDelfino
85%
Molto simile all'alceDaino
84%
è un mammifero marsupiale nero carnivoro. Come dice il nome stesso è possibile osservarlo in natura solo in TasmaniaDiavolo della Tasmania
80%
Cane che di solito è rappresentato co i pompieriDalmata
64%
è un mammifero della famiglia dei canidi, introdotto dall'uomo in AustraliaDingo
61%
è anche detto varano di KomodoDrago di Komodo
55%
è un mammifero acquatico di grossa mole erbivoro. Si nutre infatti di piante marine presenti sul fondaleDugongo
45%
Frequenta diversi ambienti, sia terreni coltivati, zone cespugliate, boschi, praterie di alta quota ma anche luoghi abitati dall'uomo dove trova il cibo e luoghi di rifugio.Donnola
43%
pesce d’acqua dolce appartenete alla famiglia degli sparidae che può pesare fino a 12-17 kgDentice
28%
è un mollusco che vive nei fondali rocciosi. La pesca è vietata in tutta l'Unione Europea. Da non confondere con il frutto della palma da datteri mangiato nelle festività natalizieDattero di mare
26%
Detto anche Moloch è un rettile AustralianoDiavolo spinoso
7%
è una piccola antilope africana che misura 70 cm e pesa 8 chilidik-dik
7%
Il suo nome scientifico e Grus virgoDamigella di numidia
5%
è un pesce d'acqua salata. Simile ad un arbusto marino, utilizza questa caratteristica per mimetizzarsi. Vive nelle acque dell'Australia ed è un animale poco conosciutoDragone foglia
4%

Distribuzione punteggi

Percentile per numero di risposta

Percentuale di utenti per punteggio

I tuoi punteggi nel tempo

Non hai fatto questo quiz